00245nam a2200109Ia 4500008004100000100001800041245002100059260001900080650001200099942000700111999001700118190216s9999||||xx |||||||||||||| ||und|| a"Blaski E B," 0aHuman Phisiology bMir Publishers aZoology cBK c37342d37342